LEADER 01202nam a2200241 u 4500 001 000000071470 003 CaOOAMICUS 005 20070226122132.0 008 020528s1863 gw u000 u ger u 035 $a10931275 040 $aPUL(R)$bita 100 1 $aSchlosser, Johann Friedrich Heinrich.$0(OLS)http://pul/name/47440 245 14$aDie Kirche in ihren Liedern durch alle Jahrhunderte /$cvon Johann Friedrich Heinrich Schlosser. 250 $aZweite, mit den Originalterten vermehrte Auflage. 260 $aFreiburg im Breisgau :$bHerder'sche Verlagshandlung,$c1863. 300 $a2 v. ;$c24 cm 650 4$aMusica sacra.$0(OLS)http://pul/subject/3526 850 $aPUL 852 $aPUL$W1$xDP1 Antico 800$y27$m517 E 22-23$j92429$nBK-PRI$b $qStampati Antico$B92429$CPULBib$Z2$F92429 $H $81 852 $aPUL$W1$xDP1 Antico 800$y27$m517 E 22-23$j92429$nBK-PRI$b $qStampati Antico$B92430$CPULBib$Z2$F92430 $H $81 941 1 $a15 996 $6245$aDie Kirche in ihren Liedern durch alle Jahrhunderte$9(OLS)http://pul/title/94079 996 $6260$aFreiburg im Breisgau :$bHerder'sche Verlagshandlung$9(OLS)http://pul/publisher/53230 LEADER 01210nam a2200313 a 4500 001 000000153908 003 CaOOAMICUS 005 20160914153846.0 008 160914t2004 it u000 u ita u 020 $a88-420-7287-7* 032 $aLibriCat 040 $aPUL$bita 100 1 $aGuolo, Renzo.$0(OLS)http://pul/name/40841 245 12$aL'Islam è compatibile con la democrazia? /$cRenzo Guolo. 250 $aPrima edizione. 260 $aRoma :$bLaterza,$c©2004. 300 $aix, 147 p. ;$c18 cm. 490 1 $aUniversale Laterza ;$v844 504 $aBibliografia p. 151-[160]. 650 4$aIslamismo$zOccidente.$0(OLS)http://pul/subject/34412 650 4$aFondamentalismo.$0(OLS)http://pul/subject/28277 830 0$aUniversale Laterza ;$v844.$0(OLS)http://pul/title/569 850 $aPUL 852 $aPUL$W1$xDP1 Fondo G. Barberini$y122$m4 C 91$j176891$qFondi$B179880$CPULBib$Z2$F179880 $HBar243 $81 941 1 $a1 996 $6020$a88-420-7287-7*$9(OLS)http://pul/number/161044 996 $6245$aL'Islam è compatibile con la democrazia?$9(OLS)http://pul/title/149080 996 $6260$aRoma :$bLaterza$9(OLS)http://pul/publisher/47864